Les plus gros transferts du football - Arrières latéraux - Statistiques

Statistiques générales
  • Ce quiz a été pris 106 fois
  • Le résultat moyen est 9 sur 10
Statistiques - réponses
Montant de transfert (M €) Saison Nationalité Venant de Allant à Joueur % Correct
68,00 2021-2022 Maroc Inter Paris SG Achraf Hakimi
100%
57,50 2017-2018 France AS Monaco Manchester City Benjamin Mendy
99%
48,00 2019-2020 France Olympique Lyonnais Real Madrid Ferland Mendy
99%
80,00 2019-2020 France Atlético Madrid Bayern Munich Lucas Hernández
98%
65,00 2019-2020 Portugal Juventus Turin Manchester City João Cancelo
94%
52,70 2017-2018 Angleterre Tottenham Manchester City Kyle Walker
91%
65,30 2022-2023 Espagne Brighton Chelsea Marc Cucurella
91%
55,00 2019-2020 Angleterre Crystal Palace Manchester United Aaron Wan-Bissaka
84%
58,50 2021-2022 Angleterre Brighton Arsenal Ben White
84%
50,20 2020-2021 Angleterre Leicester Chelsea Ben Chilwell
69%
Aucun quiz correspondant
Distribution des résultats
% des personnes avec chaque résultat
Percentile par nombre de réponses
Votre historique - résultats
Vous n’avez pas pris ce quiz